| 000 | 00603nam a2200217Ia 4500 | ||
|---|---|---|---|
| 005 | 20250508170104.0 | ||
| 008 | 008 250505s9999 xx 000 0 eng d | ||
| 020 | _a978-93-89875-48-5 | ||
| 037 | _aReference | ||
| 040 |
_aFEDL _beng _cFEDL |
||
| 041 |
_aeng _2eng |
||
| 084 |
_a794.808 2, GRA/RR _qFEDL |
||
| 100 |
_aGray Kishonna L Ed. _9782978 |
||
| 245 | 0 | _aFeminism in play | |
| 260 | _c2018 | ||
| 300 | _axvi, 271p. | ||
| 365 |
_aEURO _b27.99 |
||
| 700 |
_a Voorhees Gerald Ed. Vossen Emma Ed. _9782979 |
||
| 942 |
_cREF _h794.808 2, GRA/RR |
||
| 999 |
_c1399152 _d1399152 |
||